000 00452nam a2200181Ia 4500
001 1521
005 20260306143734.0
008 260306t2005||||xx |||||||||||||| ||spa||
041 _aESP
082 _a150.724
_bC77
100 _aCoolican, Hugh
_eAUT
245 0 _aMétodos de investigación y estadística en psicología
260 _c2005
300 _axiv, 494 páginas :
_c27 cm.
650 _aGEN
654 _aCPS
942 _cLIB
_dJUS
_fJUS
_2ddc
_n
999 _c1521
_d1521